000 00670nas a2200229 4500
001 BR5900260
003 BR-BrBNA
005 20231205082025.0
007 ta
008 230509b bl.|||p| |||| 00| 00por d
040 _aBR-BrBNA
_bpor
_cBiblioteca Nacional de Agricultura
041 _a(Pt)
072 _aL72
100 1 _aFreire, J.J.
245 1 _aDeletrocephalus sp, parasito de Rhea americana L. do Rio Grande do Sul [ema, Brasil]
650 _aEMA
650 _aHELMINTO
650 _aRIO GRANDE DO SUL
773 0 _tDIPAN (Brazil)
_x
_g(Mar 1959 - Apr 1960), v. 13(128) p. 4-6
_wBR5900260
909 _a202311
_bLúcia
_c55
_dLúcia Elande
942 _2AGRIS
_n0
_cANA
999 _c88631
_d88631